Pisadas del pleistoceno (superior?) del balneario de monte hermoso, buenos aires; la confirmacion de /

Guardado en:
Autor Principal: Casamiquela, Rodolfo M.
Formato: Libro
Publicado: Bahía Blanca : Instituto Superior Juan Xxiii, 1983
Materias:
Etiquetas: Agregar Etiqueta
Sin Etiquetas, Sea el primero en etiquetar este registro!
LEADER 00532nam a22001575a 4500
001 CEM.cems001464
005 20060214000000.0
008 130507s1983##################000#0#####d
003 CEMS
082 0 4 |a 560.17 
100 1 |a Casamiquela, Rodolfo M. 
245 1 0 |a Pisadas del pleistoceno (superior?) del balneario de monte hermoso, buenos aires; la confirmacion de / 
260 |a Bahía Blanca :  |b Instituto Superior Juan Xxiii,  |c 1983 
300 |a 21 p. 
653 |a Paleontologia 
859 |a CEMS  |b BIB. CEMS - 11 de abril  |h 560.17  |i C263  |p 14759.87  |t Ej.1